Sovereign Defaults : The Role of Volatility /

While the relationship between volatility and credit risk is central to much of the literature on finance and banking, it has been largely neglected in empirical macro studies on sovereign defaults. This paper presents new econometric estimates for a panel of 25 emerging market countries over 1970-2...

Cijeli opis

Bibliografski detalji
Glavni autor: Sutton, Bennett
Daljnji autori: Catao, Luis
Format: Žurnal
Jezik:English
Izdano: Washington, D.C. : International Monetary Fund, 2002.
Serija:IMF Working Papers; Working Paper ; No. 2002/149
Online pristup:Full text available on IMF
LEADER 01712cas a2200253 a 4500
001 AALejournalIMF008246
008 230101c9999 xx r poo 0 0eng d
020 |c 5.00 USD 
020 |z 9781451856903 
022 |a 1018-5941 
040 |a BD-DhAAL  |c BD-DhAAL 
100 1 |a Sutton, Bennett. 
245 1 0 |a Sovereign Defaults :   |b The Role of Volatility /  |c Bennett Sutton, Luis Catao. 
264 1 |a Washington, D.C. :  |b International Monetary Fund,  |c 2002. 
300 |a 1 online resource (26 pages) 
490 1 |a IMF Working Papers 
500 |a <strong>Off-Campus Access:</strong> No User ID or Password Required 
500 |a <strong>On-Campus Access:</strong> No User ID or Password Required 
506 |a Electronic access restricted to authorized BRAC University faculty, staff and students 
520 3 |a While the relationship between volatility and credit risk is central to much of the literature on finance and banking, it has been largely neglected in empirical macro studies on sovereign defaults. This paper presents new econometric estimates for a panel of 25 emerging market countries over 1970-2001, breaking down aggregate volatility into its external and domestic policy components. We find that countries with historically higher macroeconomic volatility are more prone to default, and particularly so if part of this volatility is policy-induced. Reducing policy volatility thus appears to be key to improving a country's credit standing. 
538 |a Mode of access: Internet 
700 1 |a Catao, Luis. 
830 0 |a IMF Working Papers; Working Paper ;  |v No. 2002/149 
856 4 0 |z Full text available on IMF  |u http://elibrary.imf.org/view/journals/001/2002/149/001.2002.issue-149-en.xml  |z IMF e-Library